Word Ladder: Jaws Plot Spoiler! Quiz Stats

 Plays Quiz Updated Apr 4, 2012

Support Sporcle.
Go Orange.
Score 0/40 Timer 03:00
0 Plays Today
Hint Word % Correct
❢ Gigantic ❢❢ HUGE ❢
92.8%
Clenched handFIST
90.3%
SwiftFAST
89.6%
❢ Sea creature ❢❢ FISH ❢
88.4%
Sail supportMAST
88.2%
Olympic sledLUGE
87.7%
Lauer, Kenseth, or DamonMATT
85.5%
❢ Ingests ❢❢ EATS ❢
85.4%
Welcoming carpetsMATS
84.6%
Hopeful desireWISH
82.5%
SoilDIRT
79.5%
Hearing aidsEARS
79.1%
EnticeLURE
79.1%
DeserveEARN
77.8%
Voter surveyPOLL
76.4%
Face concealerMASK
75.1%
Aquatic respiratory organGILL
75.1%
Hide in shadowLURK
74.6%
SongbirdLARK
74.1%
LaveWASH
73.9%
Hint Word % Correct
Swimming holePOOL
72.3%
Mend a sockDARN
70.9%
Hash, Hall, or Birth ____MARK
69.5%
CrushMASH
68.9%
Pub missileDART
68.1%
Bitter, poison, or pep ____PILL
67.7%
SlenderTHIN
63.4%
High-schoolerTEEN
62.4%
Past participle of 'be'BEEN
61.4%
Farthing or nickelCOIN
61.4%
ImplementTOOL
57.1%
FlogBEAT
55.4%
Boxer's targetCHIN
55.3%
❢ Seafaring vessel ❢❢ BOAT❢
54.6%
Loop of ropeCOIL
54.3%
LaborTOIL
54.3%
Borscht ingredientBEET
53.2%
❢ Immediately ❢❢ THEN ❢
52.4%
❢ Young lady ❢❢ GIRL ❢
43.7%
Wore a beltGIRT
42.5%

Today's Daily Dose

Word Ladder
ING Words

Get the Picture
Nearest Volcano

From the Vault

Oceania Capital Match

by sproutcm

Luckily, you don't have to try and spell any of these capitals.
Remove Ads.
Support Sporcle.
Get the best of Sporcle when you Go Orange. This ad-free experience offers more features, more stats, and more fun while also helping to support Sporcle. Thank you for becoming a member.

Show Comments

Extras

Top Quizzes Today


Score Distribution

Your Account Isn't Verified!

In order to create a playlist on Sporcle, you need to verify the email address you used during registration. Go to your Sporcle Settings to finish the process.

Report this User

Report this user for behavior that violates our Community Guidelines.

Details: